Rings and ideals /

Guardado en:
Autor Principal: McCoy, Neal Henry, 1905-
Formato: Libro
Idioma:English
Publicado: [Buffalo, N.Y.] : Mathematical Association of America, 1948.
Series:The Carus mathematical monographs ; no. 8
Materias:
Etiquetas: Agregar Etiqueta
Sin Etiquetas, Sea el primero en etiquetar este registro!
LEADER 01019nam a22002295a 4500
001 MAT.inmabb002865
008 900416s1948####nyu######b####001#0#eng##
005 20130410131517.0
245 1 0 |a Rings and ideals /  |c by Neal McCoy. 
260 |a [Buffalo, N.Y.] :  |b Mathematical Association of America,  |c 1948. 
300 |a xii, 216 p. ;  |c 20 cm. 
440 4 |a The Carus mathematical monographs ;  |v no. 8 
504 |a Bibliografía: p. 210-213. 
505 8 |a 1. Definitions and fundamental properties -- 2. Polynomial rings -- 3. Ideals and homomorphisms -- 4. Some imbedding theorems -- 5. Prime ideals in commutative rings -- 6. Direct and subdirect sums -- 7. Boolean rings and some generalizations -- 8. Rings of matrices -- 9. Further theory of ideals in commutative rings. 
510 4 |a MR,  |c 10,96b 
100 1 |a McCoy, Neal Henry,  |d 1905- 
084 |a 16-XX  |2 msc2002 
650 0 |a Rings (Algebra) 
650 0 |a Algebra, Abstract. 
010 |a  48023679  
040 |a DLC/ICU  |c ICU 
859 |h 16  |i M131  |p A-5455  |b BIB. MATEMATICA